Some Stories of Wonder and Adventure (Record no. 186897)
[ view plain ]
| 000 -LEADER | |
|---|---|
| fixed length control field | 00632 a2200169 4500 |
| 003 - CONTROL NUMBER IDENTIFIER | |
| control field | Nust |
| 005 - DATE AND TIME OF LATEST TRANSACTION | |
| control field | 20230529101108.0 |
| 040 ## - CATALOGING SOURCE | |
| Transcribing agency | Nust |
| 082 ## - DEWEY DECIMAL CLASSIFICATION NUMBER | |
| Classification number | 808.83,HEA |
| 100 ## - MAIN ENTRY--PERSONAL NAME | |
| Personal name | Heath F.R.G,Wedgwood |
| 9 (RLIN) | 112730 |
| 245 ## - TITLE STATEMENT | |
| Title | Some Stories of Wonder and Adventure |
| Statement of responsibility, etc. | M.V.Wedgwood Heath F R G.S |
| 256 ## - COMPUTER FILE CHARACTERISTICS | |
| Computer file characteristics | 1933 |
| 260 ## - PUBLICATION, DISTRIBUTION, ETC. | |
| Place of publication, distribution, etc. | Lahore |
| Name of publisher, distributor, etc. | Uttar Chand Kapur & Sons |
| 505 ## - FORMATTED CONTENTS NOTE | |
| Formatted contents note | Frederick Marryat (Page-1), Wilkes Collins (Page-46), R. L. Stevenson (Page-46), Canone Doyle (Page-71), Anthony Hope (Page-109), Arnold Bennett (Page-151), G. K. Chesterton (Page-176), Raphael Sabatini (Page-202). |
| 650 ## - SUBJECT ADDED ENTRY--TOPICAL TERM | |
| Topical term or geographic name entry element | Novel |
| 9 (RLIN) | 2525 |
| 942 ## - ADDED ENTRY ELEMENTS (KOHA) | |
| Source of classification or shelving scheme | |
| Koha item type | Book |
| Withdrawn status | Lost status | Source of classification or shelving scheme | Damaged status | Not for loan | Permanent Location | Current Location | Shelving location | Date acquired | Full call number | Barcode | Date last seen | Price effective from | Koha item type | Public note |
|---|---|---|---|---|---|---|---|---|---|---|---|---|---|---|
| Military College of Signals (MCS) | Military College of Signals (MCS) | General Stacks | 12/12/2016 | 808.83,HEA | MCS29065 | 12/08/2016 | 12/12/2016 | Book | Almirah No.56, Shelf No.6 |
